Čas triumfu, čas pomsty : 1948-1952 : pohled do zákulisí politických zločinů /

Hlavní autor: Cílek, Roman, 1937-
Jazyk: Čeština
Vydáno: Třebíč : Tempo, 1997
Vydání: Vydání první
Edice: Fakta (Tempo)
Témata:
Externí odkaz: Digitalizovaný dokument
Fyzický popis: 195 stran, 22 nečíslovaných stran obrazových příloh : ilustrace, portréty, faksimile ; 21 cm
Knihy
Uloženo v:
LEADER 02287nam a2200565 i 4500
001 000270476
003 CZ BrMZK
005 20260223094658.0
007 ta
008 010907s1997 xr acfhe 000 0 cze
015 |a cnb000299635 
020 |q (Vázáno) 
035 |a (OCoLC)38974574 
040 |a BOA001  |b cze  |e rda 
043 |a e-cs--- 
045 |a x4x5 
072 7 |a 323  |x Vnitropolitický vývoj, politický život  |2 Konspekt  |9 15 
080 |a 343.1:32  |2 MRF 
080 |a 323.28  |2 MRF 
080 |a 343.25:32  |2 MRF 
080 |a 323.28:329.15  |2 MRF 
080 |a (437)  |2 MRF 
080 |a (0:82-96)  |2 MRF 
100 1 |a Cílek, Roman,  |d 1937-  |7 jk01020709  |4 aut 
245 1 0 |a Čas triumfu, čas pomsty :  |b 1948-1952 : pohled do zákulisí politických zločinů /  |c Roman Cílek 
250 |a Vydání první 
264 1 |a Třebíč :  |b Tempo,  |c 1997 
300 |a 195 stran, 22 nečíslovaných stran obrazových příloh :  |b ilustrace, portréty, faksimile ;  |c 21 cm 
336 |a text  |b txt  |2 rdacontent 
337 |a bez média  |b n  |2 rdamedia 
338 |a svazek  |b nc  |2 rdacarrier 
490 1 |a Fakta 
500 |a Dostupné též v digitální podobě v aplikaci Kramerius 
648 7 |a 1948-1956  |7 ch460660  |2 czenas 
650 0 7 |a politické soudní procesy  |7 ph124252  |z Československo  |y 1948-1956  |2 czenas 
650 0 7 |a politická perzekuce  |7 ph124236  |z Československo  |y 1948-1956  |2 czenas 
650 0 7 |a justiční vraždy  |7 ph1143502  |z Československo  |y 1948-1956  |2 czenas 
650 0 7 |a zločiny komunismu  |7 ph139150  |z Československo  |y 1948-1956  |2 czenas 
650 0 9 |a political trials  |z Czechoslovakia  |y 1948-1956  |2 eczenas 
650 0 9 |a political persecution  |z Czechoslovakia  |y 1948-1956  |2 eczenas 
650 0 9 |a judicial murders  |z Czechoslovakia  |y 1948-1956  |2 eczenas 
650 0 9 |a crimes of communism  |z Czechoslovakia  |y 1948-1956  |2 eczenas 
655 7 |a literatura faktu  |7 fd132773  |2 czenas 
655 9 |a non-fiction  |2 eczenas 
830 0 |a Fakta (Tempo) 
856 4 1 |u http://www.digitalniknihovna.cz/mzk/uuid/uuid:b1598530-1dbc-11e6-8d01-005056827e52  |y Digitalizovaný dokument  |x NDK 
910 |a BOA001  |b 2-1040.923  |b KPB-0001.659 
990 |a BK 
991 |b 202602 
996 6 |b 2610064015  |c 2-1040.923  |l MZK  |r Sklad / do 1 hodiny  |n 18  |p p.v.  |w 000270476  |u 000010  |a 1  |e BOA001  |j MZK50  |s P